Solubility and solubilization in aqueous media

Đã lưu trong:
Sonraí Bibleagrafaíochta
Príomhúdar: Yalkowsky, Samuel H.
Formáid: Leabhar
Teanga:Undetermined
Foilsithe: Washington,D.C. ACS 1999
Ábhair:
Clibeanna: Cuir Clib Leis
Gan Chlibeanna, Bí ar an gcéad duine leis an taifead seo a chlibeáil!
Thư viện lưu trữ: Trung tâm Học liệu Trường Đại học Cần Thơ
LEADER 00564nam a2200205Ia 4500
001 CTU_88893
008 210402s9999 xx 000 0 und d
020 |c 720000 
082 |a 541.3422 
082 |b Y19 
100 |a Yalkowsky, Samuel H. 
245 0 |a Solubility and solubilization in aqueous media 
245 0 |c Samuel H. Yalkowsky 
260 |a Washington,D.C. 
260 |b ACS 
260 |c 1999 
650 |a Organic compounds,Solution (Chemistry) 
650 |x Solubility 
904 |i Truc 
980 |a Trung tâm Học liệu Trường Đại học Cần Thơ